00438nam a2200181Ia 4500003000400000005001700004008004100021020002200062040000700084041000800091082001300099100002100112245004300133260003800176300001200214365001400226650001600240OSt20230606134506.0210423s2018 xx 000 0 und d a978-93-86319-54-8 cAL aeng a307 BAIC aBAIRAWA (Jairam) aCommunity development: global scenario aJaipurbParadise publishersc2018 a247bHB b1295cINR aCommunities